Т. 13: Страны. Народы. Цивилизации; Энциклопедия для детей

Dades bibliogràfiques
Parent link:Энциклопедия для детей/ гл. ред. М. Аксенова. Т. 13: Страны. Народы. Цивилизации.— , 1993-.— 5-89501-001-6
Idioma:rus
Publicat: 2000
Matèries:
Format: MixedMaterials Llibre
KOHA link:https://koha.lib.tpu.ru/cgi-bin/koha/opac-detail.pl?biblionumber=25734

MARC

LEADER 00000nam2a2200000 4500
001 25734
005 20231101205706.0
010 |a 5848300135 
035 |a (RuTPU)RU\TPU\book\25971 
035 |a BOOK00026046 
090 |a 25734 
100 |a 20011209d2000 a y0rusy50 ca 
101 0 |a rus 
102 |a RU 
105 |a а f 000zy 
200 0 |a Т. 13: Страны. Народы. Цивилизации 
210 |d 2000 
215 |a 704 с.  |c ил. 
461 1 |0 (RuTPU)RU\TPU\book\15787  |y 5-89501-001-6  |t Энциклопедия для детей  |f гл. ред. М. Аксенова  |v Т. 13: Страны. Народы. Цивилизации  |d 1993-  
606 1 |a Энциклопедии  |2 stltpush  |3 (RuTPU)RU\TPU\subj\21381  |9 46387 
606 1 |a Всеобщая история  |2 stltpush  |3 (RuTPU)RU\TPU\subj\3762 
610 1 |a география 
610 1 |a этнография 
610 1 |a культура 
610 1 |a экономика 
610 1 |a политика 
610 1 |a страны мира 
610 1 |a народы 
610 1 |a цивилизации 
610 1 |a энциклопедии 
675 |a 91(03)  |v 3 
686 |a Т3(0)я2  |v LBC/SL-A  |2 rubbk 
686 |a Я20  |v LBC/SL-A  |2 rubbk 
801 0 |a RU  |b 63413507  |c 20011209  |g PSBO 
801 2 |a RU  |b 63413507  |c 20230216  |g PSBO 
942 |c BK